000 00759nam a2200241Ia 4500
003 OSt
005 20220926033900.0
006 a|||||r|||| 00| 0
007 ta
008 220923b |||||||| |||| 00| 0 eng d
037 _cGeneral Book
040 _aRTL
_cRTL
_beng
041 _2eng
_aeng
082 _aU.2.D, K7
100 _aDube Bechan
_9339668
245 0 _aGeographical concept in ancient India
260 _aVaranasi
_bNational Geographical Society of India India
_c1967
300 _aiv, 183p. Bib p. 164-71,Glossary p. 172-76
_ccm.
490 _aNational Geographical Society of India Researcg Publicaiton,3
650 _aIndia Geography
_9170575
942 _hU.2.D, K7
_cGB
_2CC
999 _c658179
_d658179